000 00437nam a2200181Ia 4500
001 10532
005 20260306161839.0
008 260306t1985||||xx |||||||||||||| ||spa||
041 _aESP
082 _a940.2
_bB94 1985
100 _aBurckhardt, Jacob
_eAUT
245 0 _aLa cultura del Renacimiento en Italia
260 _c1985
300 _a430 páginas :
_c20 cm.
650 _aGEN
654 _aCHU
942 _cLIB
_dJUS
_fJUS
_2ddc
_n
999 _c10532
_d10532